Battle Cats Stories of Legends Sub-chapters - Statistics

General Stats
  • This quiz has been taken 57 times
  • The average score is 22 of 49
Answer Stats
Sub-chapter % Correct
The Legend Begins
89%
The Legend Ends
82%
Laboratory of Relics
74%
Grotesque Gallery
63%
Jail Break Tunnel
63%
Area 22
61%
Dead End Night
55%
Weak & Mildly Acidic
53%
Capone's Jail
50%
Mouseyland
50%
Passion Land
50%
Alcatraz
47%
Galapa-Goth
47%
Neverending Cat Story
47%
Suburbs of the Dead
47%
Body & Soul
45%
Ends of the Earth
45%
Prince of Darkness
45%
Quarantine Isles
45%
Swimming Cats
45%
Walk of Fame
45%
Western Street
45%
Cutpurse Coast
42%
IT Catacombs
42%
Parthenon
42%
Sea of Tuna
42%
Sushi Island
42%
Axis of Evil
39%
Battle Royale
39%
Blizzard Boulevard
39%
Glucosamine Desert
39%
Kombu Cape
39%
The Scratching Post
39%
Intrepid Cats
37%
Sea Polluter
37%
Singularityville
37%
Stairway to Darkness
37%
Windless Island
37%
Bamboo Island
34%
Castle of Fish
34%
Risqué Terrain
34%
Scars of War
34%
Shadow Cosmopolis
34%
Silk Road
34%
Above & Below
32%
Volkanos Volcano
32%
Low Tide Beach
29%
Squishy Cave
26%
Beyond the Savnnah
8%
No matching quizzes found
Score Distribution
Percent of People with Each Score
Percentile by Number Answered
Your Score History
You have not taken this quiz